000 00234nam a2200085Ia 4500
008 170620s9999 xx 000 0 und d
100 _aEdiger- Marlow
245 0 _aSuccessful School Administration
260 _bNew Delhi- Discovery Publishing House
260 _c2006
999 _c24541
_d24541